Drużyny Wygrywające CLJ U-19 - Statystyki

Ogólne statystyki
  • Ten quiz został rozwiązany 21 razy
  • Średni wynik to 14 z 17
Statystyki odpowiedzi
Sezon Zwycięzca % Poprawnych
2022/23 Lech Poznań
100%
2017/18 Lech Poznań
100%
2023/24 Legia Warszawa
100%
2016/17 Legia Warszawa
100%
2015/16 Legia Warszawa
100%
2014/15 Legia Warszawa
100%
2012/13 Legia Warszawa
100%
2011/12 Legia Warszawa
100%
2020/21 Pogoń Szczecin
88%
2019/20 Górnik Zabrze
76%
2013/14 Wisła Kraków
76%
2007/08 Wisła Kraków
76%
2021/22 Zagłębie Lubin
76%
2010/11 Zagłębie Lubin
76%
2009/10 Zagłębie Lubin
76%
2018/19 Korona Kielce
35%
2008/09 Ruch Chorzów
24%
Nie znaleziono quizów pasujących do podanych kryteriów
Rozkład punktacji
Procent ludzi z każdym wynikiem
Percentyl według liczby udzielonych odpowiedzi
Twoja historia wyników
Nie rozwiązałeś tego quizu